| 000 | 00435cam a22001337a 4500 | ||
|---|---|---|---|
| 008 | 180718b1977 xxu||||| |||| 00| 0 eng d | ||
| 082 | _aR11x667 St32 | ||
| 100 | _aSteel, William F. | ||
| 245 |
_aSmall-scale employment and production in developing countries: evidence from Ghana _cby William F. Steel |
||
| 260 |
_aNew York _bPraeger _c1977 |
||
| 300 | _a235p. | ||
| 650 | _aIndustry, Small-Scale - Ghana | ||
| 650 | _aEmployment - Ghana | ||
| 999 |
_c354929 _d354929 |
||